000 00326 a2200145 4500
001 162906
020 _a
040 _cMagnum
100 _aParramon, Josep M.
240 1 0 _aMi primera visita al aviario
_lESP
245 1 0 _aMi primera visita al aviario
362 0 _a1899
697 _aLITERATURA ESTRANGEIRA
942 _cBK
999 _c162906
_d162906